Special education : (Record no. 13635)

000 -LEADER
fixed length control field 00483pam a2200181 a 4500
020 ## - INTERNATIONAL STANDARD BOOK NUMBER
ISBN 0080328156 (pbk.)
020 ## - INTERNATIONAL STANDARD BOOK NUMBER
ISBN 0080328164 (hard)
040 ## - CATALOGING SOURCE
Transcribing agency DLC
082 00 - DEWEY DECIMAL CLASSIFICATION NUMBER
Classification number 371 PER 1986 A011 Or.
245 00 - TITLE STATEMENT
Title Special education :
Remainder of title research and trends /
260 ## - PUBLICATION, DISTRIBUTION, ETC. (IMPRINT)
Place of publication New York :
Name of publisher Pergamon Press,
Year of publication c1986.
300 ## - PHYSICAL DESCRIPTION
Number of Pages ix, 419 p. ;
Dimensions 26 cm.
490 1# - SERIES STATEMENT
Series statement PGPS ;
650 #0 - SUBJECT ADDED ENTRY--TOPICAL TERM
Topical Term Special education literature.
700 1# - ADDED ENTRY--PERSONAL NAME
Personal name Morris, Richard J.
700 1# - ADDED ENTRY--PERSONAL NAME
Personal name Blatt, Burton,
942 ## - ADDED ENTRY ELEMENTS (KOHA)
Koha item type សៀវភៅភាសាអង់គ្លេស
952 ## - LOCATION AND ITEM INFORMATION (KOHA)
Withdrawn status [LOCAL, KOHA] 0
Holdings
Permanent Location Date acquired Koha item type Lost status Shelving location Barcode Current Location Full call number
Library Block A2017-08-29សៀវភៅភាសាអង់គ្លេស A011A19260Library Block A371 PER 1986 A011 Or.
មជ្ឈមណ្ឌលឯការនៃសាកលវិទ្យាល័យភូមិន្ទកសិកម្មចំការដូង

Powered by Koha